| 000 | 00495nam a2200181Ia 4500 | ||
|---|---|---|---|
| 003 | LK-CoDNM | ||
| 008 | 010623t1991 xxu||||| |||| 00| 1 sin d | ||
| 040 |
_aLK-CoDNM _dLK-CoDNM _eLK-CoDNM |
||
| 041 | _asin | ||
| 080 | _a681.31 YAP | ||
| 100 | _aYapa,N.U. | ||
| 245 | _aපුස්තකාලය හා පරිගණකය | ||
| 246 | _aPusthakalaya ha Pariganakaya | ||
| 260 |
_bNational Library _aColombo _c1991 |
||
| 300 | _b123p., 21 cm | ||
| 650 | _aLibrary Science | ||
| 942 | _cBK | ||
| 999 |
_c115229 _d115229 |
||